000 00319nam a2200133Ia 4500
008 151001s9999||||xx |||||||||||||| ||und||
100 _aगुरुजी साबळे
245 _aसुपारी
250 _a1
260 _bमेघना
260 _c2008
300 _a124
365 _b18
999 _c993704
_d993701